[Event "Bogota University op 7th"]
[Site "Bogota"]
[Date "2013.10.11"]
[Round "4"]
[White "Rivera, Ingris"]
[Black "Martinez Baquero, Hugo Esteban"]
[Result "1-0"]
[WhiteElo "2210"]
[BlackElo "1948"]
[PlyCount "71"]
[EventDate "2013.10.10"]
[EventType "swiss"]
[EventRounds "9"]
[EventCountry "COL"]
[SourceTitle "CBM 156 Extra"]
[Source "ChessBase"]
[SourceDate "2013.10.22"]
[SourceVersion "1"]
[SourceVersionDate "2013.10.22"]
[SourceQuality "1"]

1. d4 Nf6 2. c4 g6 3. Nc3 Bg7 4. Nf3 d6 5. g3 0-0 6. Bg2 Nbd7 7. 0-0 c6 8. e4 e5 9. h3 Re8 10. Re1 exd4 11. Nxd4 Nc5 12. Bf4 Nh5 13. Be3 a5 14. Qd2 Ne6 15. Rad1 Nxd4 16. Bxd4 Be6 17. Bxg7 Nxg7 18. b3 Qf6 19. Qd4 Qe5 20. f4 Qh5 21. g4 Qh4 22. f5 gxf5 23. exf5 Bxf5 24. Rxe8+ Rxe8 25. gxf5 Re1+ 26. Kh2 Qxd4 27. Rxd4 Nxf5 28. Rd2 Rc1 29. Ne4 a4 30. Rf2 axb3 31. axb3 Nd4 32. Nxd6 Nxb3 33. Bf1 Nd4 34. Nxf7 Rc2 35. Rxc2 Nxc2 36. Bg2 1-0

[Event "Central Region-ch U16"]
[Site "Ibague"]
[Date "2013.04.06"]
[Round "5.1"]
[White "Diaz Herrera, Leider Andres"]
[Black "Martinez Baquero, Hugo Esteban"]
[Result "1-0"]
[WhiteElo "1945"]
[BlackElo "1951"]
[PlyCount "83"]
[EventDate "2013.04.04"]
[EventType "swiss"]
[EventRounds "6"]
[EventCountry "COL"]
[SourceTitle "EXT 2024"]
[Source "ChessBase"]
[SourceDate "2023.10.10"]
[SourceVersion "1"]
[SourceVersionDate "2023.10.10"]
[SourceQuality "1"]

1. e4 c5 2. Nf3 d6 3. Bc4 Nf6 4. d3 e6 5. Bb3 Be7 6. c3 0-0 7. 0-0 Nc6 8. Re1 b5 9. Nbd2 Qc7 10. Nf1 d5 11. e5 Nd7 12. d4 b4 13. Bc2 bxc3 14. bxc3 cxd4 15. cxd4 f5 16. Bg5 Nb6 17. Rc1 Nc4 18. Bxe7 Qxe7 19. Bb3 N6a5 20. N1d2 Ba6 21. Nxc4 Bxc4 22. Nd2 Nxb3 23. axb3 Bb5 24. Re3 Qb4 25. Rc5 a6 26. Nf3 Rac8 27. Rec3 Rxc5 28. Rxc5 h6 29. h3 Rb8 30. Qd2 Qxd2 31. Nxd2 Bd3 32. Rc3 Be2 33. f4 Rb4 34. Kf2 Bb5 35. Ke3 a5 36. g3 Kf8 37. h4 a4 38. bxa4 Bxa4 39. Ra3 Bb5 40. Rb3 Rxb3+ 41. Nxb3 Bc4 42. Nc5 1-0

[Event "Central Region-ch U16"]
[Site "Ibague"]
[Date "2013.04.05"]
[Round "4.3"]
[White "Martinez Baquero, Hugo Esteban"]
[Black "Barbon, Carlos Felipe"]
[Result "1-0"]
[WhiteElo "1951"]
[BlackElo "1769"]
[PlyCount "103"]
[EventDate "2013.04.04"]
[EventType "swiss"]
[EventRounds "6"]
[EventCountry "COL"]
[SourceTitle "EXT 2024"]
[Source "ChessBase"]
[SourceDate "2023.10.10"]
[SourceVersion "1"]
[SourceVersionDate "2023.10.10"]
[SourceQuality "1"]

1. d4 Nf6 2. c4 e6 3. Nf3 d6 4. Nc3 Be7 5. g3 Bd7 6. Bg2 c6 7. 0-0 d5 8. Qb3 b6 9. Ne5 0-0 10. cxd5 cxd5 11. e4 dxe4 12. Nxe4 Nd5 13. Nc3 Bc6 14. Nxc6 Nxc6 15. Nxd5 exd5 16. Qxd5 Rc8 17. Be3 Bf6 18. Rfd1 Nb4 19. Qxd8 Rfxd8 20. Bh3 Rc7 21. a3 Nd5 22. Rac1 Re7 23. Rd3 Nxe3 24. fxe3 Bg5 25. Kf2 Ree8 26. Rc7 a5 27. Kf3 Bf6 28. a4 Rb8 29. Rdc3 Kf8 30. Bd7 Red8 31. Bb5 Be7 32. R3c6 Bd6 33. Ra7 g6 34. b3 Kg7 35. Bc4 Bb4 36. Rxf7+ Kh6 37. Rcc7 Rh8 38. Be6 Rbe8 39. Bd5 Rd8 40. e4 Rc8 41. h4 Bc3 42. Ke3 Be1 43. Kf3 Rhf8 44. Rxc8 Rxc8 45. e5 Rc3+ 46. Ke4 Bxg3 47. Bc4 Rc1 48. e6 Bxh4 49. Kd5 Rd1 50. e7 Re1 51. Kd6 Bxe7+ 52. Rxe7 1-0

[Event "Bogota McGregor op 3rd"]
[Site "Bogota"]
[Date "2012.12.15"]
[Round "7"]
[White "Fernandez Reyes, Lisandro"]
[Black "Martinez Baquero, Hugo Esteban"]
[Result "1-0"]
[WhiteElo "2365"]
[BlackElo "1943"]
[PlyCount "63"]
[EventDate "2012.12.12"]
[EventType "swiss"]
[EventRounds "9"]
[EventCountry "COL"]
[SourceTitle "EXT 2014"]
[Source "ChessBase"]
[SourceDate "2013.11.20"]
[SourceVersion "1"]
[SourceVersionDate "2013.11.20"]
[SourceQuality "1"]

1. e4 c5 2. Nf3 d6 3. c3 Nf6 4. Bd3 Nc6 5. h3 e6 6. 0-0 Be7 7. Re1 0-0 8. Bc2 Qc7 9. d4 cxd4 10. cxd4 Nb4 11. Bb3 d5 12. e5 Ne4 13. Bf4 Bd7 14. a3 Qa5 15. Nc3 Nxc3 16. bxc3 Nc6 17. Bd2 Qa6 18. Bc2 Qc4 19. Qb1 h6 20. Bd3 Qa4 21. Qc1 f5 22. exf6 Rxf6 23. Nh2 e5 24. dxe5 Nxe5 25. Rxe5 Bd6 26. Rxd5 Qh4 27. Be3 Bxh3 28. Rd4 Rxf2 29. Bxf2 Bxh2+ 30. Kxh2 Qxf2 31. Bc4+ Kh8 32. Qd2 1-0

[Event "Bogota op 10"]
[Site "Bogota"]
[Date "2012.10.19"]
[Round "9"]
[White "Quinonez Lara, Maria Constanza"]
[Black "Martinez Baquero, Hugo Esteban"]
[Result "0-1"]
[WhiteElo "1755"]
[BlackElo "1944"]
[PlyCount "66"]
[EventDate "2012.10.11"]
[EventType "swiss"]
[EventRounds "9"]
[EventCountry "COL"]
[SourceTitle "EXT 2013"]
[Source "ChessBase"]
[SourceDate "2012.11.22"]
[SourceVersion "1"]
[SourceVersionDate "2012.11.22"]
[SourceQuality "1"]

1. e4 c5 2. Nc3 g6 3. f4 Bg7 4. Nf3 Nc6 5. Bb5 Nd4 6. 0-0 e6 7. Be2 d5 8. d3 Ne7 9. Nxd4 cxd4 10. Nb1 dxe4 11. dxe4 Qb6 12. Qd3 Bd7 13. Na3 Rc8 14. Nc4 Rxc4 15. Qxc4 d3+ 16. Kh1 Bb5 17. Qb3 dxe2 18. Re1 0-0 19. c4 Bc6 20. Qxb6 axb6 21. Rxe2 Rd8 22. Be3 b5 23. Bc5 Nc8 24. cxb5 Bxb5 25. Rc2 Bc6 26. e5 Bf8 27. Bf2 Ne7 28. Bh4 Rd4 29. Bxe7 Bxe7 30. Rf2 Bh4 31. Rff1 Rd2 32. Rg1 Rxb2 33. h3 Bg3 0-1

[Event "Bogota op 10"]
[Site "Bogota"]
[Date "2012.10.17"]
[Round "7"]
[White "Cruz, Adriana"]
[Black "Martinez Baquero, Hugo Esteban"]
[Result "0-1"]
[WhiteElo "1709"]
[BlackElo "1944"]
[PlyCount "62"]
[EventDate "2012.10.11"]
[EventType "swiss"]
[EventRounds "9"]
[EventCountry "COL"]
[SourceTitle "EXT 2013"]
[Source "ChessBase"]
[SourceDate "2012.11.22"]
[SourceVersion "1"]
[SourceVersionDate "2012.11.22"]
[SourceQuality "1"]

1. d4 Nf6 2. c4 g6 3. Nc3 Bg7 4. Nf3 d6 5. e3 0-0 6. Be2 Nbd7 7. 0-0 e5 8. dxe5 dxe5 9. Qc2 c6 10. Re1 Ne8 11. b3 f5 12. Bb2 Nef6 13. Rad1 Qe7 14. Nb1 Re8 15. Ba3 c5 16. e4 f4 17. Nc3 a6 18. Nd5 Nxd5 19. Rxd5 g5 20. Red1 g4 21. Ne1 h5 22. Qd3 Qh4 23. Bxc5 Nxc5 24. Rxc5 Be6 25. Rc7 Rad8 26. Qc3 Rxd1 27. Bxd1 Qd8 28. Rxg7+ Kxg7 29. Qxe5+ Kg6 30. Bc2 Qd2 31. Kf1 Bxc4+ 0-1

[Event "Bogota op 10"]
[Site "Bogota"]
[Date "2012.10.15"]
[Round "5"]
[White "Lora, Joel Fernando"]
[Black "Martinez Baquero, Hugo Esteban"]
[Result "1-0"]
[WhiteElo "2157"]
[BlackElo "1944"]
[PlyCount "135"]
[EventDate "2012.10.11"]
[EventType "swiss"]
[EventRounds "9"]
[EventCountry "COL"]
[SourceTitle "EXT 2013"]
[Source "ChessBase"]
[SourceDate "2012.11.22"]
[SourceVersion "1"]
[SourceVersionDate "2012.11.22"]
[SourceQuality "1"]

1. d4 Nf6 2. Bg5 e6 3. Nc3 Be7 4. e4 h6 5. Be3 d5 6. e5 Nfd7 7. Qg4 g5 8. Nb1 c5 9. c3 Qb6 10. Qe2 Nc6 11. Qb5 c4 12. Qxb6 axb6 13. h4 gxh4 14. Nd2 b5 15. a3 b4 16. cxb4 Nxb4 17. Rc1 Nc6 18. Ngf3 b5 19. Nxh4 b4 20. axb4 Bxb4 21. Nhf3 Ra2 22. Rb1 Nb6 23. Kd1 Na4 24. Kc2 Bc3 25. Nxc4 Nb4+ 26. Kb3 dxc4+ 27. Bxc4 Nxb2 28. Rhc1 Nxc4 29. Rxc3 Ra3+ 30. Kxc4 Rxc3+ 31. Kxc3 Nd5+ 32. Kd2 Kd7 33. Rh1 Nxe3 34. Kxe3 Bb7 35. Ne1 Rg8 36. f3 Rg6 37. Rh2 Ba6 38. g4 f6 39. Ng2 fxe5 40. dxe5 Rg5 41. Kd4 Bb7 42. Ne1 Rg6 43. Ke3 Ba6 44. Kf4 Ke7 45. Ra2 Bc4 46. Ra7+ Kf8 47. Nc2 Rg7 48. Ra8+ Kf7 49. Nd4 Kg6 50. Re8 Kf7 51. Rc8 Bd5 52. Rd8 Kg6 53. Rd6 Re7 54. Nf5 Re8 55. Nh4+ Kg7 56. Rd7+ Kg8 57. Kg3 Rc8 58. f4 Rc3+ 59. Kf2 Bb3 60. Ng6 Bc2 61. Nh4 Be4 62. f5 Rh3 63. Ng6 Rf3+ 64. Ke2 exf5 65. gxf5 Rxf5 66. Ne7+ Kf8 67. Nxf5 Bxf5 68. Rc7 1-0

[Event "World School-ch U15 8th"]
[Site "Iasi"]
[Date "2012.05.02"]
[Round "5"]
[White "Martinez Baquero, Hugo Esteban"]
[Black "Pancu, Veniamin Mihai"]
[Result "1-0"]
[WhiteElo "1940"]
[BlackElo "1449"]
[PlyCount "120"]
[EventDate "2012.04.28"]
[EventType "swiss"]
[EventRounds "9"]
[EventCountry "ROU"]
[SourceTitle "EXT 2013"]
[Source "ChessBase"]
[SourceDate "2012.11.22"]
[SourceVersion "1"]
[SourceVersionDate "2012.11.22"]
[SourceQuality "1"]

1. d4 d5 2. c4 c6 3. Nc3 Bf5 4. Nf3 e6 5. Bf4 Bd6 6. Bxd6 Qxd6 7. c5 Qc7 8. e3 Nf6 9. Bd3 Bxd3 10. Qxd3 Nbd7 11. 0-0 0-0 12. b4 b5 13. a4 a6 14. Ra2 Ra7 15. Rfa1 Rfa8 16. h3 h6 17. Nd2 e5 18. e4 dxe4 19. Ndxe4 Nxe4 20. Nxe4 exd4 21. Qxd4 Qe5 22. Qxe5 Nxe5 23. axb5 cxb5 24. Nc3 Nc6 25. Nd5 f6 26. Ra3 Kf8 27. Kf1 Kf7 28. Nb6 Rb8 29. Rb1 Rd8 30. f3 Nd4 31. Rd3 Nc6 32. Rxd8 Nxd8 33. Nc8 Rc7 34. Nd6+ Kg6 35. Ke2 Nf7 36. Nxf7 Kxf7 37. Ra1 Rc6 38. Kd3 Ke6 39. Kd4 Kd7 40. Kd5 Re6 41. f4 Re2 42. c6+ Kc7 43. Rxa6 Rd2+ 44. Kc5 Rxg2 45. Kxb5 Rb2 46. Ra7+ Kb8 47. Rxg7 Rb3 48. f5 h5 49. Rh7 Ka8 50. Rxh5 Ka7 51. Rh7+ Ka8 52. Ka6 Kb8 53. b5 Re3 54. Kb6 Re8 55. Rb7+ Ka8 56. Ra7+ Kb8 57. c7+ Kc8 58. Ra8+ Kd7 59. Rxe8 Kxe8 60. c8Q+ Kf7 1-0

[Event "World School-ch U15 8th"]
[Site "Iasi"]
[Date "2012.04.30"]
[Round "3"]
[White "Martinez Baquero, Hugo Esteban"]
[Black "Saiyn, Zhanat"]
[Result "0-1"]
[WhiteElo "1940"]
[BlackElo "2181"]
[PlyCount "89"]
[EventDate "2012.04.28"]
[EventType "swiss"]
[EventRounds "9"]
[EventCountry "ROU"]
[SourceTitle "EXT 2013"]
[Source "ChessBase"]
[SourceDate "2012.11.22"]
[SourceVersion "1"]
[SourceVersionDate "2012.11.22"]
[SourceQuality "1"]

1. d4 Nf6 2. c4 g6 3. Nc3 d5 4. cxd5 Nxd5 5. e4 Nxc3 6. bxc3 Bg7 7. Bc4 c5 8. Ne2 Nc6 9. Be3 0-0 10. 0-0 Bg4 11. f3 Bd7 12. Rc1 Rc8 13. Qd2 Qa5 14. Rfd1 Rfd8 15. Qb2 Qc7 16. Nf4 Na5 17. Be2 e6 18. d5 Ba4 19. Rd2 e5 20. Nh3 b5 21. c4 b4 22. Bd1 Bd7 23. Nf2 Nb7 24. Nd3 Qd6 25. Bb3 f5 26. Qc2 f4 27. Bf2 g5 28. Nxb4 cxb4 29. c5 Qa6 30. c6 Nd6 31. Qc5 Bf8 32. Qxb4 Be8 33. Rdc2 Rc7 34. Qc3 Nf7 35. a4 Rb8 36. Bc4 Qxa4 37. Ra2 Qb4 38. Qxb4 Bxb4 39. Rxa7 Rxa7 40. Bxa7 Ra8 41. Rb1 Rxa7 42. Rxb4 Nd6 43. Bb3 Kf8 44. Kf2 Ra3 45. Bc2 0-1

[Event "World School-ch U15 8th"]
[Site "Iasi"]
[Date "2012.04.29"]
[Round "2"]
[White "Veliev, Ali"]
[Black "Martinez Baquero, Hugo Esteban"]
[Result "0-1"]
[WhiteElo "1792"]
[BlackElo "1940"]
[PlyCount "84"]
[EventDate "2012.04.28"]
[EventType "swiss"]
[EventRounds "9"]
[EventCountry "ROU"]
[SourceTitle "EXT 2013"]
[Source "ChessBase"]
[SourceDate "2012.11.22"]
[SourceVersion "1"]
[SourceVersionDate "2012.11.22"]
[SourceQuality "1"]

1. e4 c5 2. Nf3 d6 3. d4 cxd4 4. Nxd4 Nf6 5. Nc3 a6 6. Bg5 e6 7. f4 Be7 8. Qf3 Qc7 9. 0-0-0 Nbd7 10. Qh3 b5 11. Bd3 Bb7 12. Rhe1 b4 13. Nce2 Nc5 14. Ng3 Rc8 15. Kb1 h6 16. e5 dxe5 17. fxe5 Nd5 18. Bxe7 Qxe7 19. Qg4 Qg5 20. Qxg5 hxg5 21. h3 Nf4 22. Ne4 Nxe4 23. Bxe4 Bxe4 24. Rxe4 Nxg2 25. Rg1 Rxh3 26. b3 Nf4 27. Rxg5 Nd5 28. Kb2 g6 29. Reg4 Rc5 30. Rg3 Rxg3 31. Rxg3 Nc3 32. a4 Rxe5 33. Nc6 Re4 34. Rd3 f5 35. Nxb4 Nxa4+ 36. Ka3 Nc5 37. Rc3 a5 38. Nd5 exd5 39. Rxc5 f4 40. Rxd5 f3 41. Rd6 Rf4 42. Rd2 f2 0-1

[Event "Bogota Semana Santa op"]
[Site "Bogota"]
[Date "2012.04.04"]
[Round "1.24"]
[White "Martinez Baquero, Hugo Esteban"]
[Black "Lizarazo, Juan Carlos"]
[Result "0-1"]
[WhiteElo "1940"]
[BlackElo "2082"]
[PlyCount "140"]
[EventDate "2012.04.04"]
[EventType "swiss"]
[EventRounds "9"]
[EventCountry "COL"]
[SourceTitle "EXT 2024"]
[Source "ChessBase"]
[SourceDate "2023.10.10"]
[SourceVersion "1"]
[SourceVersionDate "2023.10.10"]
[SourceQuality "1"]

1. d4 Nf6 2. c4 e6 3. Nc3 Bb4 4. Qc2 c5 5. Nf3 cxd4 6. Nxd4 Nc6 7. Nxc6 bxc6 8. a3 Be7 9. e4 d6 10. Be2 Qc7 11. Be3 e5 12. f3 0-0 13. 0-0 d5 14. cxd5 cxd5 15. exd5 Nxd5 16. Bd2 Bc5+ 17. Kh1 Bd4 18. Bd3 Bxc3 19. bxc3 h6 20. Be4 Bb7 21. Rfe1 Rfe8 22. Qb3 Nb6 23. Bxb7 Qxb7 24. Re4 Qd7 25. Be3 Qd5 26. c4 Qc6 27. Bxb6 axb6 28. Rae1 Ra5 29. h3 Qc5 30. Qb4 f5 31. R4e3 Re6 32. Rd3 Kf7 33. Rd5 Qxb4 34. axb4 Rxd5 35. cxd5 Re8 36. Kg1 Kf6 37. Rc1 Kg5 38. Rc6 Rd8 39. d6 b5 40. Kf2 f4 41. Rc5 Kf5 42. Rxb5 Rxd6 43. Ke2 Ra6 44. Rb8 Ra2+ 45. Kf1 Rb2 46. h4 Kg6 47. Rb5 Kh5 48. Rxe5+ Kxh4 49. b5 Kg3 50. Re6 g5 51. Rxh6 Rf2+ 52. Ke1 Rxg2 53. Rc6 Rb2 54. Rc5 g4 55. fxg4 f3 56. Rf5 Rb1+ 57. Kd2 Kxg4 58. Rf6 Kg3 59. Rg6+ Kf2 60. Rf6 Rxb5 61. Rf7 Rd5+ 62. Kc2 Ke2 63. Re7+ Kf1 64. Rf7 f2 65. Re7 Kg2 66. Rg7+ Kh3 67. Rf7 Kg3 68. Kc3 Rd1 69. Rg7+ Kh4 70. Rh7+ Kg5 0-1

[Event "Bogota U16 Mixto op"]
[Site "Bogota"]
[Date "2012.03.11"]
[Round "6.1"]
[White "Martinez Baquero, Hugo Esteban"]
[Black "Ruiz Castillo, Joshua Daniel"]
[Result "1/2-1/2"]
[WhiteElo "1940"]
[BlackElo "2178"]
[PlyCount "87"]
[EventDate "2012.03.09"]
[EventType "swiss"]
[EventRounds "6"]
[EventCountry "COL"]
[SourceTitle "EXT 2024"]
[Source "ChessBase"]
[SourceDate "2023.10.10"]
[SourceVersion "1"]
[SourceVersionDate "2023.10.10"]
[SourceQuality "1"]

1. d4 Nf6 2. c4 e5 3. dxe5 Ng4 4. e4 Nxe5 5. f4 Nec6 6. Nc3 Bc5 7. Nf3 a5 8. a3 Na6 9. e5 Qe7 10. Nd5 Qd8 11. Qd3 d6 12. Be3 dxe5 13. fxe5 Bg4 14. 0-0-0 0-0 15. Qe4 Bxe3+ 16. Qxe3 Qc8 17. Bd3 Bf5 18. Nd4 Bxd3 19. Nxc6 Qg4 20. Nce7+ Kh8 21. Qxd3 Nc5 22. Qc3 a4 23. Ne3 Qe4 24. Nc2 c6 25. Rhe1 Qg4 26. Qg3 Qe6 27. Qg5 h6 28. Qh5 Rae8 29. Rd6 Qxe7 30. Rxh6+ gxh6 31. Qxh6+ Kg8 32. Re3 Qxe5 33. Rxe5 Rxe5 34. Nd4 Rd8 35. Nf3 Nb3+ 36. Kc2 Nd4+ 37. Nxd4 Rxd4 38. Kc3 c5 39. Qh3 Kg7 40. Qg3+ Kf6 41. Qf3+ Kg7 42. Qg3+ Kf6 43. Qf3+ Kg7 44. Qxb7 1/2-1/2

[Event "COL-ch School U15"]
[Site "Bogota"]
[Date "2011.12.13"]
[Round "4.3"]
[White "Martinez Baquero, Hugo Esteban"]
[Black "Moreno Lozano, Esteban"]
[Result "1-0"]
[WhiteElo "1911"]
[BlackElo "1632"]
[PlyCount "35"]
[EventDate "2011.12.12"]
[EventType "swiss"]
[EventRounds "7"]
[EventCountry "COL"]
[SourceTitle "EXT 2024"]
[Source "ChessBase"]
[SourceDate "2023.10.10"]
[SourceVersion "1"]
[SourceVersionDate "2023.10.10"]
[SourceQuality "1"]

1. d4 Nf6 2. c4 e5 3. dxe5 Ng4 4. e4 Nxe5 5. f4 Nec6 6. Nf3 Bc5 7. Nc3 d6 8. a3 Bg4 9. Be2 Nd7 10. Qd3 Nf6 11. Be3 Bxe3 12. Qxe3 Qe7 13. Nd5 Qd8 14. 0-0 0-0 15. h3 Be6 16. Nd4 Bxd5 17. cxd5 Qe8 18. dxc6 1-0

[Event "COL-ch School U15"]
[Site "Bogota"]
[Date "2011.12.13"]
[Round "3.4"]
[White "Sosa Florez, Juan Sebastian"]
[Black "Martinez Baquero, Hugo Esteban"]
[Result "0-1"]
[WhiteElo "1622"]
[BlackElo "1911"]
[PlyCount "56"]
[EventDate "2011.12.12"]
[EventType "swiss"]
[EventRounds "7"]
[EventCountry "COL"]
[SourceTitle "EXT 2024"]
[Source "ChessBase"]
[SourceDate "2023.10.10"]
[SourceVersion "1"]
[SourceVersionDate "2023.10.10"]
[SourceQuality "1"]

1. e4 c5 2. Nf3 d6 3. d4 cxd4 4. Nxd4 Nf6 5. Nc3 a6 6. Bg5 e6 7. f4 Be7 8. Qf3 Qc7 9. 0-0-0 Nbd7 10. g4 b5 11. Bxf6 Nxf6 12. g5 Nd7 13. f5 Nc5 14. f6 gxf6 15. gxf6 Bf8 16. Rg1 Bb7 17. Bh3 0-0-0 18. b4 Nd7 19. Bxe6 fxe6 20. Nxe6 Qc4 21. Nxd8 Bh6+ 22. Kb1 Qxb4+ 23. Ka1 Rxd8 24. Nd5 Bxd5 25. Rxd5 Bd2 26. Rd3 Ne5 27. Qh3+ Kb8 28. Rb3 Qd4+ 0-1

[Event "COL-ch School U15"]
[Site "Bogota"]
[Date "2011.12.12"]
[Round "2.5"]
[White "Martinez Baquero, Hugo Esteban"]
[Black "Jimenez, Leonardo Andres"]
[Result "1-0"]
[WhiteElo "1911"]
[BlackElo "1837"]
[PlyCount "51"]
[EventDate "2011.12.12"]
[EventType "swiss"]
[EventRounds "7"]
[EventCountry "COL"]
[SourceTitle "EXT 2024"]
[Source "ChessBase"]
[SourceDate "2023.10.10"]
[SourceVersion "1"]
[SourceVersionDate "2023.10.10"]
[SourceQuality "1"]

1. d4 d5 2. c4 e6 3. Nc3 Nf6 4. Bg5 c6 5. Nf3 Nbd7 6. e3 Qa5 7. Nd2 Bb4 8. Qc2 0-0 9. Nb3 Bxc3+ 10. bxc3 Qd8 11. Bd3 h6 12. Bh4 dxc4 13. Bxc4 e5 14. 0-0 exd4 15. cxd4 Nb6 16. Bd3 Qd6 17. Nc5 Nfd5 18. Bg3 Qe7 19. a3 Nd7 20. Ne4 Qe6 21. Nd6 N7f6 22. Rfb1 Qe7 23. Qc5 Nd7 24. Nxc8 Qxc5 25. dxc5 Raxc8 26. Bf5 1-0

[Event "COL-ch School U15"]
[Site "Bogota"]
[Date "2011.12.12"]
[Round "1.2"]
[White "Silva Suna, Juan Esteban"]
[Black "Martinez Baquero, Hugo Esteban"]
[Result "1-0"]
[WhiteElo "1590"]
[BlackElo "1911"]
[PlyCount "37"]
[EventDate "2011.12.12"]
[EventType "swiss"]
[EventRounds "7"]
[EventCountry "COL"]
[SourceTitle "EXT 2024"]
[Source "ChessBase"]
[SourceDate "2023.10.10"]
[SourceVersion "1"]
[SourceVersionDate "2023.10.10"]
[SourceQuality "1"]

1. e4 c5 2. Nf3 d6 3. d4 cxd4 4. Nxd4 Nf6 5. Nc3 a6 6. Be2 e6 7. 0-0 Be7 8. Bf3 Qc7 9. Re1 Nbd7 10. Bd2 Ne5 11. h3 b5 12. Rc1 Bb7 13. Nb3 0-0 14. a3 Rad8 15. Ne2 Nc4 16. Bc3 Nxe4 17. Bxe4 Bxe4 18. Qd4 Bf6 19. Qxe4 1-0